000 00473nam a22001937a 4500
003 MPLRDC
005 20220104143905.0
008 210129b ||||| |||| 00| 0 eng d
020 _a983-2197-06-6
082 _a899.386 CYC
100 _a陈亚才等
245 _a报殇
_c
250 _a第二版
260 _a马来西亚
_b飞脚制作室
_c2001
300 _b
490 _a飞脚丛书. 1
650 _a马来西亚新闻事业
942 _cBK
_o899.386 CYC
999 _c44344
_d44334